ASM Handbook : Vol. 5. Surface Engineering

Gespeichert in:
Bibliographische Detailangaben
Format: Buch
Sprache:Englisch
Veröffentlicht: Materials Park : ASM International, 1999
Ausgabe:3rd print
Schlagworte:
Tags: Tag hinzufügen
Keine Tags, Fügen Sie das erste Tag hinzu!

MARC

LEADER 00000nam a22000003a 4500
001 stu116964
005 20141122132423.4
008 060428s1999----xxu-----------------eng-d
020 |a 0-87170-384-X 
040 |a STU  |b slo 
041 0 |a eng 
044 |a xxu 
080 |a 621.795 
245 |a ASM Handbook :  |b Vol. 5. Surface Engineering 
250 |a 3rd print 
260 |a Materials Park :  |b ASM International,  |c 1999 
300 |a 1039 s 
650 7 |a povrchové úpravy  |2 stusub 
996 |b 284M072917  |c M*11902-1  |l MMKN  |s A  |a 24  |w stu116964_0001